Psicología evolutiva de la infancia.

Guardado en:
Detalles Bibliográficos
Autor principal: Bianchi, Ariel E. (autor)
Formato: Libro
Idioma:Español
Temas:
Etiquetas: Agrega una etiqueta
Sin etiquetas, Sé el primero en etiquetar este registro!

MARC

LEADER 00000cam^a2200000uu^4500
001 000468405
005 20250521000000.0
008 050901s1972^^^^^^^^^^^^rd^r^^000^0^spa^d
009 20260310124510.52
035 |a FCE 000011141 
035 |a FCE 033269 
037 |a Acervo ITESO - Biblioteca 
041 |a spa 
082 0 4 |a 155.7  |b BIAp 
100 |a Bianchi, Ariel E.  |e (autor) 
245 1 0 |a Psicología evolutiva de la infancia. 
264 |a Buenos Aires :  |b Troquel,  |c 1972. 
300 |a 255 p. 
336 |a texto  |b txt  |2 rdacontenido 
337 |a sin mediación  |b n  |2 rdamedio 
338 |a volumen  |b nc  |2 rdasoporte 
649 |a XX 
650 |a Teoría 
650 |a Desarrollo del niño 
650 |a Psicología Evolutiva 
650 |a Conducta 
650 |a Infancia 
650 |a Psicología genética 
910 |a Fondo Centro de Estudios Educativos 
920 |a Impresos - Libros 
930 |a Fondos Especiales 
905 |a 133 
901 |a ALE033269  |b IT2  |c CEE  |u 20250521 
902 |a https://opac.biblio.iteso.mx/vufind/Record/000468405